History Quiz

Random History or War Quiz

Historical Winners and Losers Quiz Stats

 Plays Quiz Updated Apr 9, 2016

Score 0/30 Timer 06:00
4 Plays Today
% Correct
Lyndon B. Johnson
92.7%
Napoleon Bonaparte
90.7%
Margaret Thatcher
87%
Green Bay Packers
84.6%
Kansas City Chiefs
83.2%
Cassius Clay
79.2%
Robert E. Lee
78.9%
Bobby Fischer
75.7%
Sonny Liston
74.4%
Boris Spassky
70.7%
Barry Goldwater
68.2%
Roald Amundsen
67.8%
William the Conqueror
66.8%
John McEnroe
66.3%
Duke of Wellington
61.4%
% Correct
Carthage
59.2%
Rome
56.3%
Uruguay
56.2%
Björn Borg
55.1%
Horatio Nelson
55%
George Meade
54.7%
Robert Falcon Scott
54.2%
Argentina
53.6%
England
51.4%
House of Lancaster
48.3%
James Callaghan
47.4%
Pierre-Charles Villeneuve
44.2%
House of York
42.7%
Harold Godwinson
40.3%
France
36.9%

You're not logged in!

Compare scores with friends on all Sporcle quizzes.
OR
Log In

Show Comments

Extras

Top Quizzes Today


Score Distribution

Your Account Isn't Verified!

In order to create a playlist on Sporcle, you need to verify the email address you used during registration. Go to your Sporcle Settings to finish the process.

Report this User

Report this user for behavior that violates our Community Guidelines.

Details: